Đạo nho và văn hóa phương Đông

שמור ב:
מידע ביבליוגרפי
מחבר ראשי: Hà, Thúc Minh
פורמט: ספר
שפה:Undetermined
יצא לאור: Hà Nội Giáo dục 2002
נושאים:
תגים: הוספת תג
אין תגיות, היה/י הראשונ/ה לתייג את הרשומה!
Thư viện lưu trữ: Trung tâm Học liệu Trường Đại học Cần Thơ
LEADER 00520nam a2200193Ia 4500
001 CTU_64661
008 210402s9999 xx 000 0 und d
020 |b 12500 
082 |a 895.1 
082 |b M312 
100 |a Hà, Thúc Minh 
245 0 |a Đạo nho và văn hóa phương Đông 
245 0 |c Hà Thúc Minh 
260 |a Hà Nội 
260 |b Giáo dục 
260 |c 2002 
650 |a Oriental literature 
904 |i Tuyến 
980 |a Trung tâm Học liệu Trường Đại học Cần Thơ